000 02253nam2a2200289 i 4500
001 RU\NLR\BIBL_A\010260369
005 20240921144510.0
021 _aRU
_b2014-3588
_9217
035 _a(NLR Aleph) 010260369
090 _a10455785
_c10455785
100 _a20140320d2013 um y0rusy50 ca
101 0 _arus
102 _aRU
105 _ay|||j|||000yy
200 0 _aЧ. 1
210 _d2013
215 _a112 с.
320 _aБиблиогр. в подстроч. примеч. и в тексте
461 0 _1001RU\NLR\BIBL_A\010570238
_12001#$aПреступления против личности: проблемы квалификации и предупреждения$eучебно-справочное пособие$e[для преподавателей, аспирантов и студентов юридических вузов и факультетов]$fФ.М. Абубакиров$gМ-во образования и науки Рос. Федерации, Федер. гос. бюджет образоват. учреждение высш. проф. образования "Хабар. гос. акад. экономики и права"$vЧ. 1
_1700#1$aАбубакиров$bФ. М.$f1961-$gФархат Марсимович
_910421263
_aАбубакиров, Ф. М. (1961-)
_cХабаровск
_d2013
_fФ.М. Абубакиров
_nРИЦ ХГАЭП
_oучебно-справочное пособие : [для преподавателей, аспирантов и студентов юридических вузов и факультетов]
_tПреступления против личности: проблемы квалификации и предупреждения
_vЧ. 1
606 1 _aПреступления против личности
_jУчебные издания
_xКвалификация
_yРоссийская Федерация
_92365670
_3RU\NLR\AUTH\661412340
606 1 _aПреступления против личности
_jУчебные издания
_xПредупреждение
_yРоссийская Федерация
_92610524
_3RU\NLR\AUTH\661547082
686 1 _aХ628.111.305я7
686 1 _aХ628.322.113я7
942 _cBOOK
980 _aNBR